[Event "Mumbai Wealth op 3rd"]
[Site "Mumbai"]
[Date "2018.01.03"]
[Round "5"]
[White "Aryan, Ranjan"]
[Black "Bhambure, Shantanu"]
[Result "0-1"]
[WhiteElo "1618"]
[BlackElo "2108"]
[PlyCount "58"]
[EventDate "2017.12.30"]
[EventType "swiss"]
[EventRounds "9"]
[EventCountry "IND"]
[SourceTitle "CBM 182 Extra"]
[Source "ChessBase"]
[SourceDate "2018.02.23"]
[SourceVersion "1"]
[SourceVersionDate "2018.02.23"]
[SourceQuality "1"]

1. d4 d5 2. Nc3 Bf5 3. Bg5 h6 4. Bh4 c6 5. e3 Nd7 6. Bd3 Bxd3 7. Qxd3 Ngf6 8. Nge2 e6 9. f3 c5 10. e4 cxd4 11. Qxd4 dxe4 12. fxe4 Bc5 13. Qa4 0-0 14. 0-0-0 Qc7 15. Kb1 a6 16. Bg3 e5 17. Nd5 Nxd5 18. exd5 Bd6 19. Nc3 f5 20. Rhe1 b5 21. Qh4 Rac8 22. Re2 Nb6 23. a4 Nc4 24. Rd3 e4 25. Bxd6 Qxd6 26. Rg3 e3 27. Rgxe3 Nxe3 28. Rxe3 b4 29. Re6 Qc5 0-1

[Event "Mumbai Wealth op"]
[Site "Mumbai"]
[Date "2016.02.03"]
[Round "7"]
[White "Gavi, Siddayya"]
[Black "Aryan, Ranjan"]
[Result "1/2-1/2"]
[WhiteElo "1971"]
[BlackElo "1501"]
[PlyCount "87"]
[EventDate "2016.01.28"]
[EventType "swiss"]
[EventRounds "9"]
[EventCountry "IND"]
[SourceTitle "CBM 170 Extra"]
[Source "ChessBase"]
[SourceDate "2016.02.25"]
[SourceVersion "1"]
[SourceVersionDate "2016.02.25"]
[SourceQuality "1"]

1. e4 c5 2. Nf3 Nc6 3. d4 cxd4 4. Nxd4 g6 5. Nc3 Bg7 6. Be3 Nf6 7. Bc4 Qa5 8. 0-0 0-0 9. Nb3 Qd8 10. Be2 d6 11. f4 Bd7 12. Bf3 Rc8 13. Rf2 Na5 14. Nxa5 Qxa5 15. Bd4 Qb4 16. a3 Qa5 17. e5 Ne8 18. Nd5 Qd8 19. Bxa7 Bc6 20. Bb6 Qd7 21. Be3 dxe5 22. Rd2 Bxd5 23. Rxd5 Qf5 24. Bg4 Qe4 25. Bxc8 Qxe3+ 26. Kh1 Nd6 27. Rd3 Qb6 28. Bg4 Ne4 29. Rf3 h5 30. Bh3 Nf2+ 31. Rxf2 Qxf2 32. f5 e4 33. g3 e3 34. Qe1 Bxb2 35. Qxf2 exf2 36. Rb1 Bxa3 37. Rxb7 gxf5 38. Kg2 e6 39. Kxf2 Rc8 40. Bf1 Rxc2+ 41. Be2 Bc5+ 42. Kf1 Rc1+ 43. Kg2 Rc2 44. Kf1 1/2-1/2

[Event "Mumbai Wealth op"]
[Site "Mumbai"]
[Date "2016.02.02"]
[Round "6"]
[White "Aryan, Ranjan"]
[Black "Neelakantan, Narayanan"]
[Result "1-0"]
[WhiteElo "1501"]
[BlackElo "1942"]
[PlyCount "34"]
[EventDate "2016.01.28"]
[EventType "swiss"]
[EventRounds "9"]
[EventCountry "IND"]
[SourceTitle "CBM 170 Extra"]
[Source "ChessBase"]
[SourceDate "2016.02.25"]
[SourceVersion "1"]
[SourceVersionDate "2016.02.25"]
[SourceQuality "1"]

1. e4 e5 2. Nf3 Nc6 3. Bc4 Nf6 4. d3 Be7 5. c3 d5 6. exd5 Nxd5 7. Qb3 0-0 8. Bxd5 Na5 9. Bxf7+ Rxf7 10. Qc2 Bf5 11. Nxe5 Qd5 12. f4 Bh4+ 13. Kd1 Re7 14. c4 Qd4 15. Qc3 Qf2 16. Qd2 Rd8 17. Qxf2 Bxf2 1-0

[Event "Mumbai Wealth op"]
[Site "Mumbai"]
[Date "2016.01.30"]
[Round "3"]
[White "Aryan, Ranjan"]
[Black "Mendonca, Leon Luke"]
[Result "1/2-1/2"]
[WhiteElo "1501"]
[BlackElo "1859"]
[PlyCount "55"]
[EventDate "2016.01.28"]
[EventType "swiss"]
[EventRounds "9"]
[EventCountry "IND"]
[SourceTitle "CBM 170 Extra"]
[Source "ChessBase"]
[SourceDate "2016.02.25"]
[SourceVersion "1"]
[SourceVersionDate "2016.02.25"]
[SourceQuality "1"]

1. e4 c5 2. Nf3 Nc6 3. d4 cxd4 4. Nxd4 e5 5. Nb5 a6 6. Nd6+ Bxd6 7. Qxd6 Qe7 8. Qxe7+ Ngxe7 9. Nc3 d6 10. Bc4 Be6 11. Bxe6 fxe6 12. Bg5 h6 13. Bxe7 Kxe7 14. 0-0-0 Raf8 15. f3 Nd4 16. Rd2 Rf4 17. Ne2 Nxe2+ 18. Rxe2 g5 19. h3 Kd7 20. Kd2 Rhf8 21. Re3 R8f7 22. Ke2 Kc7 23. Rd1 Rd7 24. Rc3+ Kb8 25. Rcd3 Kc7 26. Rc3+ Kb8 27. Rcd3 Kc7 28. Rc3+ 1/2-1/2